| 000 | 01440nam a22002777a 4500 | ||
|---|---|---|---|
| 001 | EPSA 0280 | ||
| 003 | gtcocun | ||
| 005 | 20250918173125.0 | ||
| 006 | a||||gr|||| 00| 0 | ||
| 007 | ta | ||
| 008 | 250918b2024 gt ||||| m||| 00| 0 eng d | ||
| 040 |
_agtcocun _bSPA _cgtcocun _eRDA |
||
| 041 | _aSPA EPSA 0280 | ||
| 084 | _0EPSA 0280 | ||
| 100 |
_aRax Caal, Astrid Morelia Esperanza _eAutor |
||
| 245 |
_aINFORME FINAL DEL EJERCICIO PROFESIONAL SUPERVISADO, REALIZADO EN HOTELES Y RESTAURANTES SAN RAFAEL UBICADA EN SANTA CRUZ, DEPARTAMENTO DE ALTA VERAPAZ/ _cAstrid Morelia Esperanza Rax Caal _hImpreso |
||
| 264 |
_aCobán, Alta Verapaz: _bUniversidad de San Carlos de Guatemala, Centro Universitario del Norte, Licenciatura en Administración de Empresas _c2024 |
||
| 300 |
_a58 p.: _bIlustraciones, gráficas. _c28 cm; |
||
| 502 | _eEPSA 0280 | ||
| 502 |
_aEjercicio Profesional Supervisado _bLicenciatura en Administración de Empresas, _cUniversidad de San Carlos de Guatemala, Centro Universitario del Norte, Licenciatura en Administración de Empresas _d2024 _oEPSA 0280 |
||
| 650 | 1 | 4 |
_2LEMB _aSanta Cruz, Alta Verapaz _xAdministración _xOrganización _xFoda _xDeficiencias _xColaboradores _xManual _xHerramienta |
| 700 |
_aLcda. Sayda Lsibeth Lem Hernández _eAsesor |
||
| 856 |
_uSin archivo en línea. _zSin archivo en línea. |
||
| 942 |
_2ddc _cTES _iEPSA 0280 _kClasificación _n0 _6EPSA_0280_000000000000000 |
||
| 999 |
_c1949 _d1949 |
||